000 00435nam a2200181Ia 4500
005 20240823062824.0
008 240823s9999||||xx |||||||||||||| ||und||
041 _aENGLISH
082 _A541.223 N5
100 _aNasipuri D
245 0 _aStereochemistry of Organic Compounds
250 _a2nd
260 _c1995
_b"New Age,New Delhi"
500 _aTRANSFERED
650 _aChemistry
_bChemistry
942 _cBK
999 _c236791
_d236791